Music Quiz

Random Music or Song Quiz

The 'Best' Songs Quiz Stats

 Plays Quiz not verified by Sporcle

Score 0/30 Timer 08:00
0 Plays Today
Artist/Band Song % Correct
Tina TurnerSimply The Best
47%
Foo FightersBest of You
40.9%
Hannah Montana/Miley Cyrus & Van HalenBest of Both Worlds
36.4%
50 CentBest Friend
33.3%
Vanessa WilliamsSave The Best For Last
27.3%
Pat BenatarHit Me With Your Best Shot
27.3%
QueenYou're My Best Friend
22.7%
The Emotions & The EaglesBest of My Love
19.7%
Taylor SwiftThe Best Day
18.2%
Avril LavigneThe Best Damn Thing
16.7%
Relient KThe Best Thing
16.7%
AdeleBest For Last
16.7%
StyxThe Best of Times
13.6%
Frank SinatraBest Is Yet To Come
12.1%
Drake & State Of ShockBest I Ever Had
12.1%
Artist/Band Song % Correct
Blur & Graham ColtonBest Days
9.1%
Dinah Shore & Luther Vandross with Janet JacksonBest Things In Life Are Free
9.1%
Nat King ColeThe Best Man
6.1%
Marilyn MonroeDiamonds Are A Girl's Best Friend
6.1%
Dave Matthews BandThe Best Of What's Around
4.5%
Melanie CNext Best Superstar
3%
The Rivals2nd Best To None
1.5%
Billie HolidayEverything Happens For The Best
1.5%
Dashboard ConfessionalThe Best Deceptions
1.5%
Leona LewisThe Best You Never Had
1.5%
Whitney HoustonI Learned From The Best
1.5%
Irving Berlin & Diana KrallThe Best Thing For You (Would Be Me)
0%
Diana Ross & Eddie RabbittThe Best Years Of My Life
0%
Joni MitchellMy Best To You
0%
Moody BluesThe Best Way To Travel
0%

You're not logged in!

Compare scores with friends on all Sporcle quizzes.
OR
Log In

Show Comments

Extras

Created Oct 14, 2010ReportNominate
Tags:Song Quiz

Top Quizzes Today


Score Distribution

Your Account Isn't Verified!

In order to create a playlist on Sporcle, you need to verify the email address you used during registration. Go to your Sporcle Settings to finish the process.

Report this User

Report this user for behavior that violates our Community Guidelines.

Details: